AI-based metaheuristics for information security and digital media / (Record no. 43879)

MARC details
001 - CONTROL NUMBER
control field 22913781
003 - CONTROL NUMBER IDENTIFIER
control field 0000
005 - DATE AND TIME OF LATEST TRANSACTION
control field 20251017103218.0
008 - FIXED-LENGTH DATA ELEMENTS--GENERAL INFORMATION
fixed length control field 221229t20242024flua b 001 0 eng
010 ## - LIBRARY OF CONGRESS CONTROL NUMBER
LC control number 2022061375
020 ## - INTERNATIONAL STANDARD BOOK NUMBER
International Standard Book Number 9781032524559
035 ## - SYSTEM CONTROL NUMBER
System control number 22913781
040 ## - CATALOGING SOURCE
Original cataloging agency DLC
Language of cataloging eng
Description conventions rda
Transcribing agency DLC
Modifying agency DLC
042 ## - AUTHENTICATION CODE
Authentication code pcc
050 00 - LIBRARY OF CONGRESS CALL NUMBER
Classification number TK 7895 .A65 .A49
100 ## - MAIN ENTRY--PERSONAL NAME
Personal name Shastri, Apoorva S. (editor)
245 00 - TITLE STATEMENT
Title AI-based metaheuristics for information security and digital media /
Statement of responsibility, etc edited by Dr. Apoorva S. Shastri, Dr. Mangal Singh, Dr. Anand J. Kulkarni, Dr. Patrick Siarry.
264 #1 - PUBLICATION, DISTRIBUTION, ETC. (IMPRINT)
Place of publication, distribution, etc Boca Raton ;
-- London :
Name of publisher, distributor, etc CRC Press, Taylor & Francis Group,
Date of publication, distribution, etc 2024
264 #4 - PUBLICATION, DISTRIBUTION, ETC. (IMPRINT)
Date of publication, distribution, etc 2024
Place of publication, distribution, etc Boca Raton ;
Name of publisher, distributor, etc CRC Press, Taylor & Francis Group,
300 ## - PHYSICAL DESCRIPTION
Extent xiv, 136 pages :
Other physical details illustrations ;
Dimensions 25 cm.
336 ## - CONTENT TYPE
Content type term text
Content type code txt
Source rdacontent
337 ## - MEDIA TYPE
Media type term unmediated
Media type code n
Source rdamedia
338 ## - CARRIER TYPE
Carrier type term volume
Carrier type code nc
Source rdacarrier
490 0# - SERIES STATEMENT
Series statement Advances in metaheuristics
504 ## - BIBLIOGRAPHY, ETC. NOTE
Bibliography, etc Includes bibliographical references and index.
505 2# - FORMATTED CONTENTS NOTE
Formatted contents note Use of artificial intelligence and blockchain technologies in detecting and curbing fake news in journalism / Suchitra Patnaik and Santosh Kumar Biswal -- Blockchain technology based fake news detection : Applications and future research directions / Susheel Yadav, Om Jee Gupta, Sushil Kumar Gupta and Harish Babu -- Deep learning based intelligent systems for audio abuse prediction : a survey / Kaustubh V. Sakhare and Radhika V. Kulkarni.
520 ## - SUMMARY, ETC.
Summary, etc "This book examines the latest developments in AI-based metaheuristics algorithms with applications in information security for digital media. It highlights the importance of several security parameters, their analysis, and validations for different practical applications. Drawing on multidisciplinary research including computer vision, machine learning, artificial intelligence, modified/newly developed metaheuristics algorithms, it will enhance information security for society. It includes state-of-the-art research with illustrations and exercises throughout"--
Assigning source Provided by publisher.
650 #0 - SUBJECT ADDED ENTRY--TOPICAL TERM
Topical term or geographic name as entry element
General subdivision
--
650 #0 - SUBJECT ADDED ENTRY--TOPICAL TERM
Topical term or geographic name as entry element
General subdivision
-- Metaheuristic programming.
650 #0 - SUBJECT ADDED ENTRY--TOPICAL TERM
Topical term or geographic name as entry element Digital media
General subdivision Security measures
-- Data processing.
650 #0 - SUBJECT ADDED ENTRY--TOPICAL TERM
Topical term or geographic name as entry element Metaheuristics.
650 #0 - SUBJECT ADDED ENTRY--TOPICAL TERM
Topical term or geographic name as entry element Deep learning.
650 #0 - SUBJECT ADDED ENTRY--TOPICAL TERM
Topical term or geographic name as entry element Artificial intelligence.
650 #0 - SUBJECT ADDED ENTRY--TOPICAL TERM
Topical term or geographic name as entry element Social media and journalism.
650 #0 - SUBJECT ADDED ENTRY--TOPICAL TERM
Topical term or geographic name as entry element Journalism
General subdivision Objectivity.
700 1# - ADDED ENTRY--PERSONAL NAME
Personal name Shastri, Apoorva S.,
Relator term editor.
700 1# - ADDED ENTRY--PERSONAL NAME
Personal name Singh, Mangal,
Relator term editor.
700 1# - ADDED ENTRY--PERSONAL NAME
Personal name Kulkarni, Anand Jayant,
Relator term editor.
700 1# - ADDED ENTRY--PERSONAL NAME
Personal name Siarry, Patrick,
Relator term editor.
776 08 - ADDITIONAL PHYSICAL FORM ENTRY
Relationship information Online version:
Title AI metaheuristics for information security in digital media.
Edition First edition
Place, publisher, and date of publication Boca Raton, FL : Chapman & Hall/CRC Press, 2023
International Standard Book Number 9781003107767
Record control number (DLC) 2022061376
906 ## - LOCAL DATA ELEMENT F, LDF (RLIN)
a 7
b cbc
c orignew
d 1
e ecip
f 20
g y-gencatlg
942 ## - ADDED ENTRY ELEMENTS (KOHA)
Source of classification or shelving scheme Library of Congress Classification
Koha item type Books
Holdings
Withdrawn status Lost status Source of classification or shelving scheme Damaged status Not for loan Permanent Location Current Location Date acquired Total Checkouts Full call number Barcode Date last seen Price effective from Koha item type
    Library of Congress Classification     NILE UNIVERSITY OF NIGERIA - MAIN LIBRARY NILE UNIVERSITY OF NIGERIA - MAIN LIBRARY 10/17/2025   TK 7895 .A65 .A49 2024 0199363 10/17/2025 10/17/2025 Books
    Library of Congress Classification     NILE UNIVERSITY OF NIGERIA - MAIN LIBRARY NILE UNIVERSITY OF NIGERIA - MAIN LIBRARY 10/17/2025   TK 7895 .A65 .A49 2024 0199364 10/17/2025 10/17/2025 Books